College Football Matchups: Kentucky - Statistics

General Stats
  • This quiz has been taken 175 times
    33 since last reset
  • The average score is 13 of 16
Answer Stats
Games Opponent Subdivision % Correct
42 Alabama Power 4
100%
36 Auburn Power 4
97%
37 Louisville Power 4
97%
76 Florida Power 4
93%
79 Georgia Power 4
93%
58 LSU Power 4
93%
121 Tennessee Power 4
93%
98 Vanderbilt Power 4
90%
51 Mississippi State Power 4
87%
47 Ole Miss Power 4
87%
37 South Carolina Power 4
87%
36 Indiana Power 4
83%
20 Virginia Tech Power 4
63%
20 West Virginia Power 4
57%
20 Georgia Tech Power 4
53%
33 Cincinnati Power 4
47%
No matching quizzes found
Score Distribution
Percent of People with Each Score
Percentile by Number Answered
Your Score History
You have not taken this quiz since the last reset